| 000 | 01027nam a2200265 a 4500 | ||
|---|---|---|---|
| 001 | |||
| 003 | DO-SdBNP | ||
| 005 | 20220314084145.0 | ||
| 008 | 091028s1994 dr a 000 j spa d | ||
| 040 |
_aDO-SdBNP _bspa _cBPMSU |
||
| 082 |
_aRD863.44 _bC183r 1994 _222 |
||
| 100 | 1 | _aCamilo, Pedro | |
| 245 | 1 | 0 |
_aRitual de los amores confusos / _cPedro Camilo. |
| 260 |
_aSanto Domingo : _bSecretaría de Estado de Educación, Bellas Artes y Cultos, _c1994. |
||
| 300 |
_a95 p. : _bil. ; _c21 cm. |
||
| 490 | 0 | _aPremios nuales de literatura | |
| 500 | _aIncluye datos biográficos del autor en la contracubierta. | ||
| 505 | 0 |
_aPresentación -- _tComo viento en el arpa - _tLluvia que cae despúes de la duermevela -- _tRitual de los amores confusos -- _tUna voz en off -- _tEl sueño de Sísilo. |
|
| 586 | _aPremio anual de cuentos, José Ramón López, 1994 | ||
| 590 | _aInventariado, 2022/VM | ||
| 650 | 4 |
_aCuentos dominicanos _xColecciones |
|
| 650 | 4 | _aLiteratura dominicana. | |
| 910 | _a VMateo V. | ||
| 942 |
_2ddc _cBK |
||
| 999 |
_c14068 _d14068 |
||